000 00706nam a22001937a 4500
005 20100816161459.0
010 _aENG-100226
020 _a9788190778220
_c110.00
035 _aEN-83758
037 _bDBAD/PUB
082 _a006.42
100 _aShanmugapriya, J.
_914202
245 _aBasics of digital image processing /
_cby J. Shanmugapriya
260 _aChennai
_bSekar Pathippagam
_c2009
270 _aNo. 66, Periyar Street, M.G.R. Nagar,
_bChennai
_e600078
300 _a100p.
_c20cm (pbk)
942 _2ddc
_cEN
_h006.42
_mSHA
999 _c42165
_d42165